Los antiguos reinos del Perú

Đã lưu trong:
Chi tiết về thư mục
Tác giả chính: Davies, Nigel (Tác giả)
Định dạng: Sách
Ngôn ngữ:Tiếng Tây Ban Nha
Được phát hành: Barcelona Crítica 1998
Loạt:Crítica - Arqueología
Những chủ đề:
Các nhãn: Thêm thẻ
Không có thẻ, Là người đầu tiên thẻ bản ghi này!

MARC

LEADER 00000nam a2200000 a 4500
001 UCL4871
003 CL-VaPUC
008 040227e19980000SP |||||||||||||||||spa|d
020 |a 8484320049 
082 0 4 |a 930.1  |b DAV  |2 21 
100 0 |a Davies, Nigel  |e author  |9 482561 
245 1 4 |a Los antiguos reinos del Perú 
300 |a 204 p 
942 |c BK 
945 |d 20040227 00:00:00  |a cmena 
260 |a Barcelona  |b Crítica  |c 1998 
650 0 |a Arqueología   |9 265619 
650 0 |a Historia de Perú  |9 316239 
650 0 |a Civilizaciones antiguas  |9 265998 
583 |a last modification  |c 20040227 00:00:00  |k Rodrigo Vera 
490 0 |a Crítica - Arqueología 
999 |c 307627  |d 307625 
952 |0 0  |1 0  |4 0  |6 930_100000000000000_DAV_1998  |7 0  |8 A  |9 373670  |a BIBHIS  |b BIBHIS  |d 2019-11-21  |i 3986365  |o 930.1 DAV 1998  |p 3986365  |r 2025-01-20  |w 2019-11-21  |y BK  |k HIS 
952 |0 0  |1 0  |4 0  |6 930_100000000000000_DAV_1998  |7 0  |8 A  |9 373671  |a BIBHIS  |b BIBHIS  |d 2019-11-21  |i 4145062  |o 930.1 DAV 1998  |p 4145062  |r 2025-01-20  |w 2019-11-21  |y BK  |k HIS